000 00352pab a2200133 454500
008 180718b xxu||||| |||| 00| 0 eng d
100 _aTokei, Ferenc
245 _aDemocracy and socialism in George Lukacs, political philosophy
650 _a Lukacs, George
650 _a Democracy
650 _aSocialism
773 _aScience and Society
909 _a1099
999 _c1099
_d1099